| 000 | 00456nam a22001697a 4500 | ||
|---|---|---|---|
| 005 | 20240312090335.0 | ||
| 008 | 240312b |||||||| |||| 00| 0 eng d | ||
| 020 | _a9788123924656 | ||
| 082 |
_a617.643 _bSAN-T |
||
| 100 | _aSandeep, Goyal | ||
| 245 |
_aTextbook of Orthodontics / _cSandeep Goyal |
||
| 260 |
_aIndia : _bCBS ; _c2015 . |
||
| 300 |
_ax, 877 p. : _bill ; _c24 cm . |
||
| 500 | _aInclude Index. | ||
| 650 | _aMedical / Dentistry | ||
| 999 |
_c35312 _d35312 |
||